000 00460nam a2200193Ia 4500
008 151121s9999||||xx |||||||||||||| ||und||
082 _a521/Pro
082 _bHNW-3849
100 _aProctor Mary
245 _aEveryman's Astronomy
260 _bThe Scientific Book Club
260 _c--
300 _a245
600 _aProctor Mary
630 _aEveryman's Astronomy
700 _aProctor Mary
730 _aEveryman's Astronomy
942 _cBOOK
999 _c1212359
_d1212356